00891cam a2200277 a 4500999001500000001000900015003000600024005001700030008004100047010001300088020001500101020002200116040001300138082001800151092001700169100002100186245007000207250004900277260004300326300002000369504005000389650002100439650001800460942001200478952012300490 c4133d413329357178OCoLC20181129112326.0931103s1994 cau b 001 0 eng  a93043253 a0830716734 a0830716815 (pbk.) aDLCcDLC a234.13bW132Y a234.1bW132Y1 aWagner, C. Peter10aYour spiritual gifts can help your church grow /cC. Peter Wagner a15th anniversary ed., fully rev. and updated aVentura, Calif. :bRegal Books,cc1994 a272 p. ;c23 cm aIncludes bibliographical references and index 0aGifts, Spiritual 0aChurch growth 2ddccBK 00102ddc40708NFICaHMCbHMCcGENd2018-11-29g360.00l0o234.13 W132Yp004733r2018-11-29 00:00:00w2018-11-29yBK